<?xml version="1.0" encoding="UTF-8"?>
<record
    xmlns:xsi="http://www.w3.org/2001/XMLSchema-instance"
    xsi:schemaLocation="http://www.loc.gov/MARC21/slim http://www.loc.gov/standards/marcxml/schema/MARC21slim.xsd"
    xmlns="http://www.loc.gov/MARC21/slim">

  <leader>01392cam a22003497a 4500</leader>
  <datafield tag="999" ind1=" " ind2=" ">
    <subfield code="c">332464</subfield>
    <subfield code="d">332464</subfield>
  </datafield>
  <controlfield tag="001">17100397</controlfield>
  <controlfield tag="003">NUST</controlfield>
  <controlfield tag="005">20171206144844.0</controlfield>
  <controlfield tag="008">111230s2011    pk            000 0 urd  </controlfield>
  <datafield tag="010" ind1=" " ind2=" ">
    <subfield code="a">  2011314957</subfield>
  </datafield>
  <datafield tag="020" ind1=" " ind2=" ">
    <subfield code="a">9789698527815</subfield>
  </datafield>
  <datafield tag="025" ind1=" " ind2=" ">
    <subfield code="a">P-U-2011314957; 10</subfield>
  </datafield>
  <datafield tag="037" ind1=" " ind2=" ">
    <subfield code="b">Library of Congress -- Islamabad Overseas Office</subfield>
    <subfield code="c">Rs 150.00</subfield>
  </datafield>
  <datafield tag="040" ind1=" " ind2=" ">
    <subfield code="a">DLC</subfield>
    <subfield code="c">DLC</subfield>
  </datafield>
  <datafield tag="042" ind1=" " ind2=" ">
    <subfield code="a">lcode</subfield>
  </datafield>
  <datafield tag="050" ind1="0" ind2="0">
    <subfield code="a">MLCSA 2011/00847 (P)</subfield>
  </datafield>
  <datafield tag="066" ind1=" " ind2=" ">
    <subfield code="c">(3</subfield>
    <subfield code="c">(4</subfield>
  </datafield>
  <datafield tag="082" ind1=" " ind2=" ">
    <subfield code="a">891.4391</subfield>
    <subfield code="b">ABA</subfield>
  </datafield>
  <datafield tag="100" ind1="1" ind2=" ">
    <subfield code="6">880-01</subfield>
    <subfield code="a">Asad&#x12B;, K&#x332;h&#x332;&#x101;lid &#x2BB;Abb&#x101;s.</subfield>
    <subfield code="9">7020</subfield>
  </datafield>
  <datafield tag="245" ind1="1" ind2="0">
    <subfield code="6">880-02</subfield>
    <subfield code="a">P&#x101;k C&#x12B;n dost&#x12B; :</subfield>
    <subfield code="b">qit&#x324;&#x101;&#x2BB;&#x101;t /</subfield>
    <subfield code="c">K&#x332;h&#x332;&#x101;lid &#x2BB;Abb&#x101;s Asad&#x12B;.</subfield>
  </datafield>
  <datafield tag="246" ind1="1" ind2=" ">
    <subfield code="i">Title on t.p. verso:</subfield>
    <subfield code="a">Pak Cheen dosti</subfield>
  </datafield>
  <datafield tag="250" ind1=" " ind2=" ">
    <subfield code="6">880-03</subfield>
    <subfield code="a">Ish&#x101;&#x2BB;at 1.</subfield>
  </datafield>
  <datafield tag="260" ind1=" " ind2=" ">
    <subfield code="6">880-04</subfield>
    <subfield code="a">L&#x101;haur :</subfield>
    <subfield code="b">K&#x101;g&#x332;h&#x332;az&#x12B; Pairahan,</subfield>
    <subfield code="c">2011.</subfield>
  </datafield>
  <datafield tag="300" ind1=" " ind2=" ">
    <subfield code="a">76 p. ;</subfield>
    <subfield code="c">22 cm.</subfield>
  </datafield>
  <datafield tag="500" ind1=" " ind2=" ">
    <subfield code="a">Poems.</subfield>
  </datafield>
  <datafield tag="546" ind1=" " ind2=" ">
    <subfield code="a">In Urdu.</subfield>
  </datafield>
  <datafield tag="880" ind1="1" ind2=" ">
    <subfield code="6">100-01/(3/r&#x200F;</subfield>
    <subfield code="a">&#x200F;&#x627;&#x633;&#x62F;&#x649;&#x60C; &#x62E;&#x627;&#x644;&#x62F; &#x639;&#x628;&#x651;&#x627;&#x633;.</subfield>
  </datafield>
  <datafield tag="880" ind1="1" ind2="0">
    <subfield code="6">245-02/(4/r&#x200F;</subfield>
    <subfield code="a">&#x200F;&#x67E;&#x627;&#x6A9; &#x686;&#x64A;&#x646; &#x62F;&#x648;&#x633;&#x62A;&#x649; :&#x200F;</subfield>
    <subfield code="b">&#x200F;&#x642;&#x637;&#x627;&#x639;&#x627;&#x62A; /&#x200F;</subfield>
    <subfield code="c">&#x200F;&#x62E;&#x627;&#x644;&#x62F; &#x639;&#x628;&#x651;&#x627;&#x633; &#x627;&#x633;&#x62F;&#x649;.</subfield>
  </datafield>
  <datafield tag="880" ind1=" " ind2=" ">
    <subfield code="6">250-03/(3/r&#x200F;</subfield>
    <subfield code="a">&#x200F;&#x627;&#x634;&#x627;&#x639;&#x62A; 1.</subfield>
  </datafield>
  <datafield tag="880" ind1=" " ind2=" ">
    <subfield code="6">260-04/(3/r&#x200F;</subfield>
    <subfield code="a">&#x200F;&#x644;&#x627;&#x647;&#x648;&#x631; :&#x200F;</subfield>
    <subfield code="b">&#x200F;&#x6A9;&#x627;&#x63A;&#x632;&#x649; &#x67E;&#x64A;&#x631;&#x647;&#x646;&#x60C;&#x200F;</subfield>
    <subfield code="c">&#x200F;&#x202B;2011&#x202C;.</subfield>
  </datafield>
  <datafield tag="906" ind1=" " ind2=" ">
    <subfield code="a">7</subfield>
    <subfield code="b">cbc</subfield>
    <subfield code="c">origode</subfield>
    <subfield code="d">4</subfield>
    <subfield code="e">ncip</subfield>
    <subfield code="f">20</subfield>
    <subfield code="g">y-nonroman</subfield>
  </datafield>
  <datafield tag="942" ind1=" " ind2=" ">
    <subfield code="2">ddc</subfield>
    <subfield code="c">BK</subfield>
  </datafield>
  <datafield tag="952" ind1=" " ind2=" ">
    <subfield code="0">0</subfield>
    <subfield code="1">0</subfield>
    <subfield code="2">ddc</subfield>
    <subfield code="4">0</subfield>
    <subfield code="7">0</subfield>
    <subfield code="a">CL</subfield>
    <subfield code="b">CL</subfield>
    <subfield code="c">CHIST</subfield>
    <subfield code="d">2017-12-06</subfield>
    <subfield code="o">891.4391 ABA</subfield>
    <subfield code="p">CL13</subfield>
    <subfield code="r">2021-09-10</subfield>
    <subfield code="t">1</subfield>
    <subfield code="w">2017-12-06</subfield>
    <subfield code="y">BK</subfield>
  </datafield>
  <datafield tag="952" ind1=" " ind2=" ">
    <subfield code="0">0</subfield>
    <subfield code="1">0</subfield>
    <subfield code="2">ddc</subfield>
    <subfield code="4">0</subfield>
    <subfield code="7">0</subfield>
    <subfield code="a">CL</subfield>
    <subfield code="b">CL</subfield>
    <subfield code="c">CHIST</subfield>
    <subfield code="d">2022-03-07</subfield>
    <subfield code="e">Donation by Student Affairs NUST</subfield>
    <subfield code="l">0</subfield>
    <subfield code="o">891.4391 ABA</subfield>
    <subfield code="p">CL-D-1473</subfield>
    <subfield code="r">2022-03-07</subfield>
    <subfield code="w">2022-03-07</subfield>
    <subfield code="y">BK</subfield>
  </datafield>
</record>
